Piłka nożna - Serie A kółko i krzyżyk vol. 2 - Statystyki

Ogólne statystyki
  • Ten quiz został rozwiązany 377 razy
  • Średni wynik to 6 z 9
Statystyki odpowiedzi
Hint Odpowiedź % Poprawnych
Inter/Holandia Klaassen | Dumfries | de Vrij | Castaignos | Sneijder | Davids | van der Meyde | Seedorf | Winter | Bergkamp | Jonk | Wilkes
84%
Inter/Bośnia Dzeko
82%
Milan/Holandia Reijnders | van Ginkel | de Jong | van Bommel | Emanuelson | Huntelaar | Stam | Seedorf | Bogarde | Kluivert | Reiziger | Davids | Rijkaard | van Basten | Gullit
79%
Juve/Bośnia Pjanic | Salihamidzic
76%
Juve/Holandia Koopmeiners | de Ligt | Elia | van der Sar | Davids
71%
Inter/Dania Eriksen | Olsen | Helveg | Nielsen
69%
Milan/Dania Kjaer | Tomasson | Laursen | Helveg | Laudrup | Leschly
64%
Juve/Dania Bendtner | Sorensen | Poulsen | Laudrup | Bronee | Hansen | Praest | Ploger
49%
Milan/Bośnia Begovic | Krunic
30%
Nie znaleziono quizów pasujących do podanych kryteriów
Rozkład punktacji
Procent ludzi z każdym wynikiem
Percentyl według liczby udzielonych odpowiedzi
Twoja historia wyników
Nie rozwiązałeś tego quizu